000
00219 a2200097 4500
001
28241
100
_a
Evans, H L
245
_a
Lawnnar boundary layer theory
260
_a
_b
Addison Wesley
_c
1968
090
_c
18855
_d
18855
942
_a
NUST-CAE
_c
M
_c
9841
999
_c
263314
_d
263314